000 00677nam a2200241Ia 4500
003 OSt
005 20220918180655.0
006 a|||||r|||| 00| 0
007 ta
008 220917b |||||||| |||| 00| 0 eng d
024 _a23,493
037 _cTextual
040 _aARTS
_cARTS
_beng
041 _2eng
_aeng
082 _aO111,1:gvJ, M6
100 _aGoldberg Jonathan
_956767
245 0 _aVoice terminal echo
_b postmodernism and english renaissance texts
260 _aNew York
_bMethuen
_c1986
300 _ax,194p.
_ccm.
650 _aENGLISH LITERATURE
942 _hO111,1:gvJ, M6
_cTEXL
_2CC
999 _c162553
_d162553